[Event "7th EUR-ch"]
[Site "Kusadasi TUR"]
[Date "2006.04.04"]
[Round "1.9"]
[White "Narciso Dublan, Marc"]
[Black "Delchev, Alexander"]
[Result "0-1"]
[WhiteElo "2510"]
[BlackElo "2640"]
[EventDate "2006.04.04"]
[PlyCount "36"]

1.c4 b6 2.d4 Bb7 3.Bg5 h6 4.Bh4 Nf6 5.Bxf6 exf6 6.e3 Bb4+ 7.Nd2 d5 8.Qa4+ 
Nc6 9.Nf3 O-O 10.Rc1 a6 11.Qc2 Re8 12.Be2 dxc4 13.Qxc4 Bxd2+ 14.Kxd2 Re7 
15.Rhd1 Qd6 16.g3 Nb4 17.a3 Nd5 18.Rc2 f5 0-1

[Event "7th EUR-ch"]
[Site "Kusadasi TUR"]
[Date "2006.04.04"]
[Round "1.42"]
[White "Pelletier, Yannick"]
[Black "Gasthofer, Alexander"]
[Result "1-0"]
[WhiteElo "2570"]
[BlackElo "2415"]
[EventDate "2006.04.04"]
[PlyCount "93"]

1.e4 e6 2.d4 d5 3.Nd2 c5 4.exd5 exd5 5.Bb5+ Nc6 6.Ngf3 Bd6 7.dxc5 Bxc5 8.
O-O Ne7 9.Nb3 Bd6 10.Re1 O-O 11.Bd3 h6 12.h3 Nf5 13.c3 Bc7 14.Bc2 Qd6 15.
Qd3 g6 16.Qd1 Kg7 17.Qd2 Rh8 18.Rd1 Nh4 19.Nbd4 Nxf3+ 20.Nxf3 Be6 21.c4 d4
22.b3 Ba5 23.Qf4 Qxf4 24.Bxf4 Bc3 25.Rac1 Rhd8 26.Be4 f6 27.Bd2 Bb2 28.Rc2
Ba3 29.Bc1 Bc5 30.Bb2 Rd7 31.Bxc6 bxc6 32.Nxd4 Bxd4 33.Rxd4 Rxd4 34.Bxd4 
a6 35.Rd2 Kf7 36.Be3 h5 37.Rd6 Rc8 38.Kf1 Rc7 39.Ke2 Bf5 40.Ke1 Bb1 41.Kd2
Be4 42.f3 Bf5 43.Bd4 Rd7 44.Rxf6+ Ke7 45.Ke3 c5 46.Be5 Ra7 47.Rb6 1-0

[Event "7th EUR-ch"]
[Site "Kusadasi TUR"]
[Date "2006.04.04"]
[Round "1.45"]
[White "Saric, Ivan"]
[Black "l`Ami, Erwin"]
[Result "0-1"]
[WhiteElo "2393"]
[BlackElo "2565"]
[EventDate "2006.04.04"]
[PlyCount "130"]

1.e4 e5 2.Nf3 Nc6 3.Bc4 Nf6 4.d3 Bc5 5.c3 d6 6.O-O O-O 7.Bb3 a6 8.Nbd2 Ba7
9.h3 h6 10.Re1 Nh5 11.Nf1 Qf6 12.Be3 Nf4 13.Kh2 Be6 14.Qd2 Rad8 15.d4 Bxb3
16.axb3 Bb6 17.Ng3 g6 18.Ng1 Rfe8 19.Rad1 Kh7 20.N1e2 g5 21.Nf5 Nxe2 22.
Qxe2 exd4 23.Bxd4 Nxd4 24.Nxd4 Bxd4 25.cxd4 Re7 26.f3 Rde8 27.Kg1 Qf4 28.
Kf2 Qh4+ 29.Kg1 Kg7 30.Kh2 Qh5 31.Rd3 Qg6 32.Re3 f5 33.Qc2 f4 34.Rc3 c6 
35.Qf2 d5 36.e5 Qf5 37.Rec1 Re6 38.Qc2 Kg6 39.Kg1 Qxc2 40.R1xc2 a5 41.b4 
axb4 42.Rb3 Ra8 43.Rxb4 Ra1+ 44.Kf2 Re7 45.Rb6 Kf5 46.b4 Rc7 47.Ke2 h5 48.
Rd2 g4 49.hxg4+ hxg4 50.fxg4+ Kxg4 51.Kf2 Ra3 52.Rb2 Rd3 53.b5 Rxd4 54.
bxc6 bxc6 55.Rc2 c5 56.e6 c4 57.Rd6 Re7 58.Re2 Kf5 59.g3 fxg3+ 60.Kxg3 c3 
61.Kf2 Rh7 62.e7 Rf4+ 63.Kg3 Rg4+ 64.Kf3 Rh3+ 65.Kf2 Rh2+ 0-1

[Event "7th EUR-ch"]
[Site "Kusadasi TUR"]
[Date "2006.04.04"]
[Round "1.50"]
[White "Gagunashvili, Merab"]
[Black "Vehi Bach, Victor"]
[Result "1-0"]
[WhiteElo "2560"]
[BlackElo "2335"]
[EventDate "2006.04.04"]
[PlyCount "49"]

1.d4 Nf6 2.c4 e6 3.Nc3 Bb4 4.Qc2 O-O 5.Bg5 d6 6.e3 Nbd7 7.Bd3 h6 8.Bh4 c5 
9.Ne2 d5 10.cxd5 exd5 11.O-O Qa5 12.dxc5 Qxc5 13.a3 Bxc3 14.Nxc3 b6 15.b4 
Qc6 16.Rac1 Bb7 17.Nb5 Qxc2 18.Rxc2 Ba6 19.Rfc1 Bxb5 20.Bxb5 a5 21.Rc7 Ne5
22.Bg3 Ng6 23.R7c6 axb4 24.axb4 Ne4 25.Bc7 1-0

[Event "7th EUR-ch"]
[Site "Kusadasi TUR"]
[Date "2006.04.04"]
[Round "1.54"]
[White "Svetuschin, Dumitru"]
[Black "Aleskerov, Faik"]
[Result "1-0"]
[WhiteElo "2552"]
[BlackElo "2325"]
[EventDate "2006.04.04"]
[PlyCount "44"]

1.d4 c5 2.d5 e5 3.e4 d6 4.Nc3 Be7 5.Bb5+ Nd7 6.Nf3 Nf6 7.a4 O-O 8.h3 Ne8 
9.Bd3 Rb8 10.Qe2 Nc7 11.O-O b6 12.a5 Nf6 13.Nb5 Nxb5 14.Bxb5 a6 15.Bd3 b5 
16.c4 b4 17.Nh2 Nd7 18.g3 Nf6 19.h4 Bh3 20.Re1 Qc8 21.Bd2 Bd8 22.Nf1 Ng4 
1-0

[Event "7th EUR-ch"]
[Site "Kusadasi TUR"]
[Date "2006.04.06"]
[Round "3.43"]
[White "Predojevic, Borki"]
[Black "Weiss, Christian"]
[Result "1/2-1/2"]
[WhiteElo "2566"]
[BlackElo "2437"]
[EventDate "2006.04.04"]
[PlyCount "87"]

1.e4 e6 2.d4 d5 3.Nc3 Bb4 4.Bd3 dxe4 5.Bxe4 Nf6 6.Bf3 O-O 7.Bg5 Nbd7 8.Ne2
c6 9.O-O Qc7 10.Ng3 Be7 11.Re1 h6 12.Bd2 Rd8 13.Qc1 Nf8 14.Bf4 Bd6 15.Bxd6
Qxd6 16.Rd1 N8h7 17.Nce4 Qe7 18.Qe3 Bd7 19.Rd2 Be8 20.Rad1 Nxe4 21.Nxe4 
Nf6 22.g3 Nxe4 23.Qxe4 Rd6 24.c4 Rad8 25.c5 R6d7 26.b4 a6 27.Bg2 f6 28.f4 
Bf7 29.a3 Re8 30.Qf3 Qd8 31.Kf2 Ree7 32.h4 Qe8 33.Qe2 Kf8 34.a4 Qd8 35.Rd3
Bg6 36.R3d2 Bf7 37.h5 Qc7 38.b5 cxb5 39.axb5 axb5 40.Qxb5 Be8 41.Qb1 Rd8 
42.d5 exd5 43.Rxd5 Rxd5 44.Rxd5 1/2-1/2

[Event "7th EUR-ch"]
[Site "Kusadasi TUR"]
[Date "2006.04.09"]
[Round "6.17"]
[White "Nyback, Tomi"]
[Black "Fedorov, Alexei"]
[Result "1/2-1/2"]
[WhiteElo "2563"]
[BlackElo "2614"]
[EventDate "2006.04.04"]
[PlyCount "81"]

1.d4 Nf6 2.c4 g6 3.Nc3 Bg7 4.e4 d6 5.f3 O-O 6.Be3 Nc6 7.Nge2 a6 8.Qd2 Rb8 
9.Rc1 Bd7 10.Nd1 b5 11.c5 e6 12.Nf2 b4 13.Bg5 Ne7 14.e5 Ne8 15.Ne4 Bb5 16.
Qf4 dxe5 17.dxe5 Nd5 18.Qh4 f6 19.exf6 Nexf6 20.Nd4 Bxf1 21.Nxe6 Qe7 22.
Nxf8 Bxg2 23.Nxh7 Re8 24.Nxf6+ Nxf6 25.Rf1 Qe6 26.Bxf6 Bxf6 27.Qg3 Bxb2 
28.Rc2 Bxf1 29.Rxb2 Bc4 30.Rxb4 Bxa2 31.Qxc7 Bd5 32.Rb6 Qf7 33.Qxf7+ Kxf7 
34.Kd2 Bxe4 35.fxe4 Rxe4 36.Kd3 Rh4 37.Rxa6 Rxh2 38.Kd4 g5 39.Ke5 Rc2 40.
c6 Ke7 41.Ra7+ 1/2-1/2

[Event "7th EUR-ch"]
[Site "Kusadasi TUR"]
[Date "2006.04.09"]
[Round "6.30"]
[White "Hillarp Persson, Tiger"]
[Black "Lutz, Christopher"]
[Result "1/2-1/2"]
[WhiteElo "2524"]
[BlackElo "2608"]
[EventDate "2006.04.04"]
[PlyCount "86"]

1.d4 Nf6 2.c4 e6 3.Nc3 Bb4 4.e3 O-O 5.Ne2 d5 6.a3 Bd6 7.c5 Be7 8.b4 c6 9.
Nf4 b6 10.Bd2 Nbd7 11.Nd3 a5 12.Be2 Ba6 13.b5 Bb7 14.bxc6 Bxc6 15.cxb6 
Qxb6 16.O-O Ne4 17.Qc2 Nxd2 18.Qxd2 Rfb8 19.a4 g6 20.g3 Qd8 21.Rfc1 Rb6 
22.Qd1 Bd6 23.Bf1 Qe7 24.Ra2 Ba3 25.Rb1 Rxb1 26.Qxb1 Bb4 27.Nb5 Nb6 28.Ne5
Be8 29.h4 Rc8 30.Rc2 Qd8 31.Qc1 Rxc2 32.Qxc2 Qc8 33.Qxc8 Nxc8 34.Nd3 Be7 
35.Nb2 Nb6 36.Bd3 Bd7 37.Kf1 f6 38.Ke2 Kf7 39.Bc2 Bxb5+ 40.axb5 Bd6 41.Na4
Nxa4 42.Bxa4 Bc7 43.Bb3 Bb6 1/2-1/2

[Event "7th EUR-ch"]
[Site "Kusadasi TUR"]
[Date "2006.04.09"]
[Round "6.32"]
[White "Agrest, Evgenij"]
[Black "Heberla, Bartlomiej"]
[Result "0-1"]
[WhiteElo "2570"]
[BlackElo "2497"]
[EventDate "2006.04.04"]
[PlyCount "96"]

1.Nf3 c5 2.c4 g6 3.d4 Bg7 4.e4 Qb6 5.dxc5 Qxc5 6.Be2 d6 7.O-O Nc6 8.a3 Bg4
9.b4 Qb6 10.Be3 Qc7 11.Ra2 Bxf3 12.gxf3 Nf6 13.Nc3 O-O 14.Rc2 Rfd8 15.Kh1 
e6 16.Rd2 Qe7 17.Rg1 Nh5 18.Qc1 Be5 19.Bg5 f6 20.Be3 Kh8 21.Rdd1 g5 22.Bf1
Qf8 23.Ne2 Qh6 24.Bh3 Ne7 25.Rg2 Nf4 26.Bxf4 Qxh3 27.Bg3 Ng6 28.f4 gxf4 
29.Nxf4 Bxf4 30.Bxf4 Qf3 31.Bg3 Rg8 32.Rg1 Qxe4 33.Qc3 e5 34.f3 Qf5 35.Qe3
Rac8 36.Rc1 d5 37.c5 Rg7 38.Rd2 d4 39.Qd3 Qh5 40.Rf1 Rcg8 41.Qe2 Qh6 42.
Qe1 Ne7 43.Rg2 Nf5 44.Rfg1 Qh3 45.Qf2 Rxg3 46.Rxg3 Nxg3+ 47.Rxg3 Rxg3 48.
Qxg3 Qxg3 0-1

[Event "7th EUR-ch"]
[Site "Kusadasi TUR"]
[Date "2006.04.09"]
[Round "6.51"]
[White "Guliev, Logman"]
[Black "Jankovic, Alojzije"]
[Result "0-1"]
[WhiteElo "2384"]
[BlackElo "2516"]
[EventDate "2006.04.04"]
[PlyCount "146"]

1.e4 c5 2.Nf3 Nc6 3.d4 cxd4 4.Nxd4 Nf6 5.Nc3 d6 6.Bg5 e6 7.Qd2 a6 8.O-O-O 
Bd7 9.f3 Be7 10.h4 h6 11.Be3 h5 12.Bg5 Ne5 13.Kb1 b5 14.Bd3 b4 15.Nce2 Qb6
16.Rhe1 a5 17.Be3 Qb7 18.Ng3 a4 19.Bg5 a3 20.b3 Nxd3 21.cxd3 g6 22.f4 e5 
23.Nc2 Rc8 24.d4 Bg4 25.Rc1 O-O 26.fxe5 dxe5 27.dxe5 Nh7 28.Ne3 Nxg5 29.
Nxg4 hxg4 30.hxg5 Rcd8 31.Qf4 Qd7 32.Rc2 Qd3 33.Qxg4 Rc8 34.Rc1 Rc5 35.Qe2
Qxe2 36.Nxe2 Rxe5 37.Rc4 Rxg5 38.g3 Rd8 39.Rc8 Rxc8 40.Rxc8+ Kg7 41.Kc2 
Bd6 42.Rc4 Rh5 43.Rd4 Rh2 44.Kd3 Be7 45.Rc4 Kf6 46.Rc6+ Kg7 47.Rc4 Rf2 48.
Ke3 Rf1 49.Nd4 Re1+ 50.Kf3 Ra1 51.Rc2 Bf6 52.Nc6 Bc3 53.e5 Kf8 54.Ke4 Rd1 
55.Re2 Ke8 56.Na5 Ke7 57.Nc4 Rd4+ 58.Kf3 Rxc4 59.bxc4 b3 60.axb3 Bb2 61.
Ke4 a2 62.Re1 a1=Q 63.Rxa1 Bxa1 64.Kd5 Bc3 65.c5 Kd7 66.g4 g5 67.e6+ fxe6+
68.Kc4 Be1 69.b4 Kc7 70.b5 Bf2 71.Kb4 e5 72.Kc4 e4 73.c6 Bb6 0-1

[Event "7th EUR-ch"]
[Site "Kusadasi TUR"]
[Date "2006.04.10"]
[Round "7.4"]
[White "Anastasian, Ashot"]
[Black "Belov, Vladimir"]
[Result "1/2-1/2"]
[WhiteElo "2553"]
[BlackElo "2599"]
[EventDate "2006.04.04"]
[PlyCount "109"]

1.c4 Nf6 2.Nf3 c5 3.Nc3 e6 4.g3 b6 5.Bg2 Bb7 6.O-O Be7 7.Re1 d6 8.e4 Nbd7 
9.d3 O-O 10.h3 Ne5 11.Nh2 Nfd7 12.f4 Nc6 13.Nf3 Nd4 14.Be3 Nxf3+ 15.Bxf3 
a6 16.a4 Bf6 17.Qd2 Bd4 18.Ne2 Bxe3+ 19.Qxe3 e5 20.f5 Nb8 21.Rf1 Nc6 22.
Bh5 Qf6 23.Nc3 Nd4 24.Bd1 Bc6 25.h4 h6 26.b3 g5 27.Ra2 Kg7 28.Rh2 Rh8 29.
Kf2 Rag8 30.Rfh1 Kf8 31.hxg5 Rxg5 32.Rh5 Rxh5 33.Rxh5 Ne6 34.Ne2 a5 35.Nc3
Ke7 36.Bf3 Ng7 37.Rh4 Ne8 38.Nd1 Qg7 39.Kg2 Nf6 40.Nf2 Rh7 41.Ng4 Nxg4 42.
Rxg4 Qf6 43.Rh4 Kf8 44.Kf2 Rh8 45.Rh5 Be8 46.Qc1 Qg7 47.Rh4 Qf6 48.Qh1 Qg5
49.Be2 Qg7 50.Qf3 Qf6 51.Qh5 Qg7 52.Qf3 Qf6 53.Qh1 Qg7 54.Rh5 Ke7 55.Rh4 
1/2-1/2

[Event "7th EUR-ch"]
[Site "Kusadasi TUR"]
[Date "2006.04.10"]
[Round "7.9"]
[White "Mamedov, Rauf"]
[Black "Galkin, Alexander"]
[Result "1/2-1/2"]
[WhiteElo "2538"]
[BlackElo "2618"]
[EventDate "2006.04.04"]
[PlyCount "25"]

1.e4 c6 2.d4 d5 3.Nd2 dxe4 4.Nxe4 Nd7 5.Bc4 Ngf6 6.Ng5 e6 7.Qe2 Nb6 8.Bd3 
h6 9.N5f3 c5 10.dxc5 Bxc5 11.Bd2 O-O 12.O-O-O Na4 13.Bc4 1/2-1/2

[Event "7th EUR-ch"]
[Site "Kusadasi TUR"]
[Date "2006.04.10"]
[Round "7.10"]
[White "Inarkiev, Ernesto"]
[Black "l`Ami, Erwin"]
[Result "1/2-1/2"]
[WhiteElo "2602"]
[BlackElo "2565"]
[EventDate "2006.04.04"]
[PlyCount "107"]

1.e4 e5 2.Nf3 Nc6 3.Bb5 a6 4.Ba4 Nf6 5.O-O Nxe4 6.d4 b5 7.Bb3 d5 8.dxe5 
Be6 9.Be3 Be7 10.c3 O-O 11.Nbd2 Qd7 12.Re1 Nxd2 13.Qxd2 Na5 14.Bg5 Bxg5 
15.Qxg5 Nxb3 16.axb3 Bg4 17.Nh4 h6 18.Qe3 g5 19.Nf3 Bxf3 20.Qxf3 Rfe8 21.
Qe3 Qf5 22.Qd4 c6 23.Re3 Re6 24.b4 Rae8 25.Rae1 Qc2 26.R3e2 Qf5 27.Re3 Qc2
28.h4 Qxb2 29.Qg4 Rg6 30.Qd7 Rf8 31.Qf5 d4 32.cxd4 Qxd4 33.hxg5 Rxg5 34.
Qf3 Qxb4 35.Qxc6 Rg6 36.Qd5 Qc4 37.Qxc4 bxc4 38.Rc3 Rc8 39.Rec1 Rgc6 40.f4
a5 41.Kf2 a4 42.Ke3 Ra8 43.Ra1 h5 44.Raa3 Kg7 45.Ke4 f6 46.Kd5 Rcc8 47.
exf6+ Kxf6 48.g3 Ra7 49.Kd4 Rd7+ 50.Ke4 Re7+ 51.Kf3 Ra7 52.Ke4 Re8+ 53.Kf3
Rc8 54.Ke4 1/2-1/2

[Event "7th EUR-ch"]
[Site "Kusadasi TUR"]
[Date "2006.04.10"]
[Round "7.11"]
[White "Berescu, Alin-Mile"]
[Black "Kotronias, Vasilios"]
[Result "1-0"]
[WhiteElo "2461"]
[BlackElo "2598"]
[EventDate "2006.04.04"]
[PlyCount "71"]

1.e4 c5 2.Nf3 Nc6 3.d4 cxd4 4.Nxd4 Nf6 5.Nc3 d6 6.Bg5 e6 7.Qd2 Be7 8.O-O-O
O-O 9.Ndb5 h6 10.Bxf6 Bxf6 11.Nxd6 Qa5 12.f4 Be7 13.Qf2 a6 14.e5 b5 15.Kb1
Rb8 16.Bd3 f5 17.g4 Nb4 18.Rhg1 Bxd6 19.exd6 Nxd3 20.Rxd3 b4 21.Ne2 Bb7 
22.gxf5 Qxf5 23.Qa7 Qe4 24.Re3 Qd5 25.Reg3 g5 26.fxg5 h5 27.Rd3 Qe5 28.Ng3
h4 29.Nh5 Qxh2 30.Nf6+ Kg7 31.Rc1 Rfd8 32.Qd4 e5 33.Qg4 e4 34.Qf5 Rh8 35.
Nh5+ Rxh5 36.Qf6+ 1-0

[Event "7th EUR-ch"]
[Site "Kusadasi TUR"]
[Date "2006.04.10"]
[Round "7.12"]
[White "Miroshnichenko, Yevhen"]
[Black "Dgebuadze, Alexandre"]
[Result "1/2-1/2"]
[WhiteElo "2608"]
[BlackElo "2535"]
[EventDate "2006.04.04"]
[PlyCount "122"]

1.Nf3 d5 2.d4 c6 3.c4 e6 4.Qc2 Nf6 5.e3 Nbd7 6.Nc3 Bd6 7.g4 dxc4 8.g5 Nd5 
9.Bxc4 Qe7 10.Bd2 N7b6 11.Be2 Nxc3 12.Bxc3 Nd5 13.Bd2 Bd7 14.e4 Nf4 15.e5 
Bb4 16.Qb3 c5 17.Bxb4 cxb4 18.Nd2 Nxe2 19.Kxe2 Bb5+ 20.Ke1 Qxg5 21.Qxb4 
Bc6 22.Rf1 Qe7 23.Qxe7+ Kxe7 24.Rg1 Rhd8 25.Nb3 g6 26.Ke2 f6 27.exf6+ Kxf6
28.Rac1 Rd5 29.Rc5 Rad8 30.Ke3 e5 31.dxe5+ Rxe5+ 32.Rxe5 Kxe5 33.Rc1 Kf6 
34.Nd4 Re8+ 35.Kd2 Bd5 36.f3 Re5 37.Kd3 Rh5 38.Rc5 Bxf3 39.Rxh5 Bxh5 40.
Ke4 a6 41.a4 a5 42.Nb3 b6 43.Nd2 Bd1 44.Nc4 Bxa4 45.Nxb6 Bc6+ 46.Kd4 g5 
47.b3 Bb5 48.Nd5+ Kf5 49.Kc5 Be8 50.Ne3+ Kf4 51.Nc4 g4 52.Nxa5 h5 53.Nc4 
h4 54.Kd4 h3 55.Nd2 Bc6 56.Nf1 Kf3 57.Ng3 Bb5 58.b4 Ba6 59.Nh5 Bb5 60.Ng3 
Ba6 61.Nh5 Bb5 1/2-1/2

[Event "7th EUR-ch"]
[Site "Kusadasi TUR"]
[Date "2006.04.10"]
[Round "7.14"]
[White "Arutinian, David"]
[Black "Kempinski, Robert"]
[Result "1-0"]
[WhiteElo "2532"]
[BlackElo "2586"]
[EventDate "2006.04.04"]
[PlyCount "75"]

1.d4 Nf6 2.c4 g6 3.Nc3 Bg7 4.e4 O-O 5.Nf3 c6 6.Bd3 d6 7.h3 e5 8.O-O exd4 
9.Nxd4 Nbd7 10.Re1 Re8 11.Bf4 Qb6 12.Nb3 Ne5 13.Bf1 Be6 14.c5 dxc5 15.Na4 
Qb4 16.Nbxc5 Bc4 17.Bxe5 Rxe5 18.Qd4 b5 19.Qxe5 Bxf1 20.a3 Qa5 21.b4 Qd8 
22.Rad1 Qc8 23.Kxf1 bxa4 24.Qe7 a5 25.Nd7 Nxd7 26.Rxd7 Qf8 27.Qxf8+ Bxf8 
28.bxa5 Rxa5 29.Re3 Rc5 30.Rf3 Rc4 31.e5 Rc1+ 32.Ke2 Rc5 33.Rfxf7 Rxe5+ 
34.Kd3 Bxa3 35.Rg7+ Kf8 36.Rdf7+ Ke8 37.Ra7 Rd5+ 38.Ke4 1-0

[Event "7th EUR-ch"]
[Site "Kusadasi TUR"]
[Date "2006.04.10"]
[Round "7.17"]
[White "Gurevich, Mikhail"]
[Black "Svetuschin, Dumitru"]
[Result "1-0"]
[WhiteElo "2643"]
[BlackElo "2552"]
[EventDate "2006.04.04"]
[PlyCount "107"]

1.d4 d5 2.c4 c6 3.Nf3 Nf6 4.e3 Bf5 5.Nc3 e6 6.Nh4 Bg6 7.Nxg6 hxg6 8.g3 
Nbd7 9.Bg2 Bb4 10.Qb3 a5 11.O-O O-O 12.Rd1 Qc7 13.Ne2 Be7 14.Qc2 a4 15.Bd2
Nb6 16.b3 e5 17.dxe5 Qxe5 18.Bc3 Qc7 19.Bd4 dxc4 20.bxc4 Nbd7 21.Rab1 Bc5 
22.Bc3 Rfe8 23.Nf4 Ne5 24.Nd3 Nxd3 25.Rxd3 a3 26.Qb3 Rad8 27.Bd4 Bxd4 28.
exd4 Qa5 29.Bf3 g5 30.h3 Qf5 31.Kg2 Rd7 32.Rbd1 Ra8 33.d5 cxd5 34.cxd5 Ra6
35.Qb4 Rad6 36.Qxa3 g4 37.hxg4 Nxg4 38.Rd4 Ne5 39.Be4 Qf6 40.Qa8+ Rd8 41.
Qxb7 Re8 42.Qb5 Rc8 43.Qe2 g6 44.R4d2 Ra8 45.Rc2 Kg7 46.Qd2 Ra4 47.Rh1 Rd8
48.Qh6+ Kg8 49.Qh7+ Kf8 50.Qh8+ Qxh8 51.Rxh8+ Ke7 52.Rxd8 Kxd8 53.Re2 Kd7 
54.Bc2 1-0

[Event "7th EUR-ch"]
[Site "Kusadasi TUR"]
[Date "2006.04.10"]
[Round "7.19"]
[White "Chuchelov, Vladimir"]
[Black "Guseinov, Gadir"]
[Result "1/2-1/2"]
[WhiteElo "2538"]
[BlackElo "2615"]
[EventDate "2006.04.04"]
[PlyCount "67"]

1.Nf3 Nf6 2.c4 g6 3.Nc3 Bg7 4.d4 O-O 5.e4 d6 6.Be2 Bg4 7.Be3 Nfd7 8.Qd2 
Nc6 9.d5 Nce5 10.Nxe5 Nxe5 11.f3 Bc8 12.h4 f5 13.h5 fxe4 14.Nxe4 Bf5 15.
Ng3 Qd7 16.Bd4 e6 17.f4 Ng4 18.hxg6 hxg6 19.Nxf5 exf5 20.Bxg4 fxg4 21.
O-O-O Rae8 22.Bxg7 Qxg7 23.Rde1 Rxe1+ 24.Rxe1 Qf7 25.Re4 Re8 26.Qe3 Rxe4 
27.Qxe4 Qf5 28.Qe8+ Kg7 29.Qe7+ Kh6 30.g3 Qd3 31.Qh4+ Kg7 32.Qe7+ Kh6 33.
Qh4+ Kg7 34.Qe7+ 1/2-1/2

[Event "7th EUR-ch"]
[Site "Kusadasi TUR"]
[Date "2006.04.10"]
[Round "7.22"]
[White "Iordachescu, Viorel"]
[Black "Hulak, Krunoslav"]
[Result "0-1"]
[WhiteElo "2601"]
[BlackElo "2541"]
[EventDate "2006.04.04"]
[PlyCount "70"]

1.e4 c5 2.Nf3 e6 3.d4 cxd4 4.Nxd4 a6 5.Nc3 d6 6.Bd3 Nf6 7.f4 g6 8.Qf3 Bg7 
9.Be3 O-O 10.O-O-O e5 11.fxe5 dxe5 12.Nde2 Bg4 13.Qf2 Nbd7 14.h3 Be6 15.g4
Qa5 16.Kb1 Rac8 17.Nc1 Rxc3 18.bxc3 Qxc3 19.Nb3 Qc6 20.Rhe1 Rc8 21.Bg5 b5 
22.Qa7 Bf8 23.Na5 Qc3 24.Bd2 Qa3 25.Nb3 Nc5 26.Bc1 Qa4 27.Bb2 Nfd7 28.Bf1 
Be7 29.Bxe5 Nxb3 30.cxb3 Bxb3 31.axb3 Qxb3+ 32.Bb2 Rc2 33.Qd4 Bf6 34.e5 
Bxe5 35.Rxe5 Rxb2+ 0-1

[Event "7th EUR-ch"]
[Site "Kusadasi TUR"]
[Date "2006.04.10"]
[Round "7.24"]
[White "Kurnosov, Igor"]
[Black "Azarov, Sergei"]
[Result "1/2-1/2"]
[WhiteElo "2526"]
[BlackElo "2592"]
[EventDate "2006.04.04"]
[PlyCount "61"]

1.e4 e5 2.Nf3 Nc6 3.Bb5 a6 4.Ba4 Nf6 5.O-O Be7 6.Re1 b5 7.Bb3 O-O 8.c3 d5 
9.exd5 Nxd5 10.Nxe5 Nxe5 11.Rxe5 c6 12.d4 Bd6 13.Re1 Qh4 14.g3 Qh3 15.Re4 
g5 16.Qf1 Qh5 17.Nd2 Bf5 18.f3 Nf6 19.a4 Nxe4 20.Nxe4 Bxe4 21.fxe4 Kg7 22.
Bd2 f6 23.Qf5 Qe2 24.Bc2 Rf7 25.e5 Qxd2 26.Qxh7+ Kf8 27.Qh8+ Ke7 28.exd6+ 
Kxd6 29.Qxa8 Qe3+ 30.Kh1 Qf3+ 31.Kg1 1/2-1/2

[Event "7th EUR-ch"]
[Site "Kusadasi TUR"]
[Date "2006.04.10"]
[Round "7.25"]
[White "Kotanjian, Tigran"]
[Black "David, Alberto"]
[Result "1-0"]
[WhiteElo "2435"]
[BlackElo "2580"]
[EventDate "2006.04.04"]
[PlyCount "41"]

1.d4 Nf6 2.c4 g6 3.Nc3 Bg7 4.e4 d6 5.Nf3 O-O 6.Be2 e5 7.O-O Na6 8.Be3 Ng4 
9.Bg5 Qe8 10.dxe5 dxe5 11.c5 Nxc5 12.Nd5 Ne6 13.Be7 c6 14.Bxf8 Qxf8 15.Nc3
Qe7 16.h3 Nh6 17.Bc4 f6 18.Nd5 Qd7 19.Nf4 Qxd1 20.Rfxd1 exf4 21.Nd4 1-0

[Event "7th EUR-ch"]
[Site "Kusadasi TUR"]
[Date "2006.04.10"]
[Round "7.26"]
[White "Stefansson, Hannes"]
[Black "Romanov, Evgeny"]
[Result "1/2-1/2"]
[WhiteElo "2579"]
[BlackElo "2480"]
[EventDate "2006.04.04"]
[PlyCount "89"]

1.e4 e5 2.Nf3 Nc6 3.Bb5 a6 4.Ba4 Nf6 5.O-O Be7 6.Re1 b5 7.Bb3 d6 8.c3 O-O 
9.h3 Nb8 10.d4 Nbd7 11.Nbd2 Bb7 12.Bc2 Re8 13.a4 Bf8 14.Bd3 c6 15.b3 Qb6 
16.Bb2 Rad8 17.Qc2 Nh5 18.c4 Nf4 19.Bf1 bxa4 20.Rxa4 exd4 21.Bxd4 c5 22.
Bc3 Qc6 23.g3 Ne6 24.Bg2 Be7 25.Nf1 Bf6 26.Qb2 Rb8 27.Raa1 Qb6 28.Rad1 Ba8
29.N1d2 Nd4 30.Rb1 Ne5 31.Nxe5 Bxe5 32.Re3 h6 33.Nf3 Nxf3+ 34.Bxf3 Bd4 35.
Bxd4 cxd4 36.Re2 f5 37.Qc2 Re5 38.Qd3 Rbe8 39.Rbe1 Qb7 40.Qxd4 fxe4 41.
Qxd6 Qxb3 42.Re3 Qxc4 43.Be2 Qc8 44.Bxa6 R5e6 45.Bxc8 1/2-1/2

[Event "7th EUR-ch"]
[Site "Kusadasi TUR"]
[Date "2006.04.10"]
[Round "7.27"]
[White "Minasian, Artashes"]
[Black "Pashikian, Arman"]
[Result "1-0"]
[WhiteElo "2574"]
[BlackElo "2475"]
[EventDate "2006.04.04"]
[PlyCount "119"]

1.g3 Nf6 2.Bg2 d5 3.Nf3 c6 4.b3 Bg4 5.Bb2 e6 6.O-O Nbd7 7.d3 Be7 8.Nbd2 
O-O 9.h3 Bh5 10.e4 a5 11.a3 Ne8 12.Qe2 Nc7 13.Rfe1 Bf6 14.e5 Be7 15.Qe3 h6
16.Nh2 a4 17.b4 c5 18.bxc5 Bxc5 19.d4 Be7 20.c4 dxc4 21.Nxc4 Nd5 22.Bxd5 
exd5 23.Nd2 Nb6 24.Bc3 Bg6 25.f4 Nc4 26.Nxc4 dxc4 27.Qf3 Qd7 28.Ng4 Rad8 
29.Re2 Qc6 30.Qf2 Bd3 31.Rb2 h5 32.Ne3 f6 33.d5 Rxd5 34.Nxd5 Qxd5 35.Kh2 
fxe5 36.Bxe5 Bc5 37.Qg2 Be4 38.Qd2 Bd3 39.Qg2 Be4 40.Qe2 Bf3 41.Rd2 Qe4 
42.Qxe4 Bxe4 43.Rd7 Rf7 44.Rxf7 Kxf7 45.g4 hxg4 46.hxg4 g6 47.Kg3 Bd3 48.
Bb2 b5 49.Kf3 Bf8 50.Bc3 Bc5 51.Ra2 Ke6 52.Rb2 Bxa3 53.Rxb5 Be7 54.Re5+ 
Kf7 55.Ra5 a3 56.f5 gxf5 57.gxf5 a2 58.Kf4 Bb1 59.Ra7 Kf8 60.Ke5 1-0

[Event "7th EUR-ch"]
[Site "Kusadasi TUR"]
[Date "2006.04.10"]
[Round "7.28"]
[White "Heberla, Bartlomiej"]
[Black "Postny, Evgeny"]
[Result "1/2-1/2"]
[WhiteElo "2497"]
[BlackElo "2572"]
[EventDate "2006.04.04"]
[PlyCount "131"]

1.e4 e5 2.Nf3 Nc6 3.Bb5 a6 4.Ba4 Nf6 5.O-O b5 6.Bb3 Be7 7.d4 d6 8.c3 Bg4 
9.Be3 O-O 10.h3 Bh5 11.Nbd2 Bg6 12.Nh4 Na5 13.Nxg6 hxg6 14.Bc2 exd4 15.
cxd4 c5 16.Qe2 Rc8 17.dxc5 dxc5 18.Rad1 Qc7 19.Nf3 Nc6 20.a4 c4 21.axb5 
axb5 22.Nd4 Nxd4 23.Bxd4 Bc5 24.Bxf6 gxf6 25.Rd5 Rfd8 26.Rfd1 Rxd5 27.exd5
Qe5 28.Qxe5 fxe5 29.b3 c3 30.Kf1 Bd6 31.Ra1 Rc5 32.g4 Rxd5 33.Rd1 Rxd1+ 
34.Bxd1 Kg7 35.Ke2 f5 36.gxf5 gxf5 37.f3 Kg6 38.Bc2 Kg5 39.h4+ Kf4 40.h5 
Bf8 41.Bd3 Bh6 42.Bc2 e4 43.fxe4 fxe4 44.Kf2 Ke5 45.Ke1 Kd4 46.Ke2 e3 47.
Kd1 Bg5 48.Ke2 Bh6 49.Kd1 Bf4 50.Ke2 Bg5 51.Kd1 Bh6 52.Ke2 Kc5 53.Kd3 Kb4 
54.Bd1 e2 55.Kxe2 Ka3 56.Kd3 Kb2 57.Kd4 Kc1 58.Bg4 Kd2 59.Bf5 Be3+ 60.Kd5 
c2 61.Bxc2 Kxc2 62.h6 Kc3 63.h7 Bd4 64.b4 Kd3 65.h8=R Bxh8 66.Kc5 1/2-1/2

[Event "7th EUR-ch"]
[Site "Kusadasi TUR"]
[Date "2006.04.10"]
[Round "7.30"]
[White "Shanava, Konstantine"]
[Black "Mchedlishvili, Mikheil"]
[Result "1-0"]
[WhiteElo "2484"]
[BlackElo "2567"]
[EventDate "2006.04.04"]
[PlyCount "51"]

1.e4 c6 2.d4 d5 3.exd5 cxd5 4.c4 Nf6 5.Nc3 e6 6.Nf3 Bb4 7.cxd5 Nxd5 8.Bd2 
Nc6 9.Bd3 O-O 10.O-O Be7 11.Re1 Bf6 12.Ne4 Bxd4 13.Neg5 h6 14.Nxd4 Nxd4 
15.Nh7 Re8 16.Bxh6 e5 17.Qh5 gxh6 18.Rxe5 Rxe5 19.Qxe5 Nc6 20.Qxd5 Kg7 21.
Qf3 Qd6 22.Re1 Bd7 23.Re3 f5 24.Qh5 Kxh7 25.Rg3 Qe7 26.Qg6+ 1-0

[Event "7th EUR-ch"]
[Site "Kusadasi TUR"]
[Date "2006.04.10"]
[Round "7.32"]
[White "Narciso Dublan, Marc"]
[Black "Van den Doel, Erik"]
[Result "1/2-1/2"]
[WhiteElo "2510"]
[BlackElo "2579"]
[EventDate "2006.04.04"]
[PlyCount "76"]

1.d4 Nf6 2.c4 e6 3.g3 d5 4.Bg2 dxc4 5.Qa4+ c6 6.Qxc4 b5 7.Qd3 Bb7 8.Nf3 
Nbd7 9.O-O a6 10.Be3 c5 11.dxc5 Bxc5 12.Nbd2 O-O 13.Nb3 Be4 14.Qd2 Be7 15.
Rfc1 Rc8 16.Qd4 Ra8 17.Bf4 Nb6 18.Qxd8 Bxd8 19.Nc5 Bd5 20.Ne5 Bxg2 21.Kxg2
Nfd5 22.Ncd3 f6 23.Nc6 e5 24.Bd2 Nc4 25.Be1 e4 26.Ndb4 Nxb4 27.Bxb4 Re8 
28.b3 Ne5 29.Nxe5 Rxe5 30.Rc6 Rd5 31.Rac1 Kf7 32.h4 a5 33.Rd6 Rxd6 34.Bxd6
Ke6 35.Bf4 Be7 36.Rc6+ Kd7 37.Rc7+ Ke6 38.Rc6+ Kd7 1/2-1/2

[Event "7th EUR-ch"]
[Site "Kusadasi TUR"]
[Date "2006.04.10"]
[Round "7.33"]
[White "Mastrovasilis, Dimitrios"]
[Black "Blatny, Pavel"]
[Result "1-0"]
[WhiteElo "2577"]
[BlackElo "2495"]
[EventDate "2006.04.04"]
[PlyCount "71"]

1.e4 g6 2.d4 c6 3.Nc3 d5 4.e5 h5 5.f4 Nh6 6.Be3 h4 7.Qd2 Bg4 8.Bd3 Nf5 9.
Nd1 Bxd1 10.Rxd1 Nxe3 11.Qxe3 e6 12.Nf3 Qb6 13.O-O c5 14.c4 cxd4 15.Qc1 
dxc4 16.Qxc4 Nc6 17.Ng5 Be7 18.Nxe6 fxe6 19.Qxe6 Nd8 20.Bxg6+ Kf8 21.Qg4 
Qe6 22.f5 Qxe5 23.Rde1 Qf6 24.Re6 Qg5 25.Qxd4 Rh6 26.f6 Nxe6 27.fxe7+ Kg8 
28.Bf7+ Kh7 29.Qe4+ Kh8 30.Qxb7 Qc5+ 31.Kh1 Rf8 32.exf8=Q+ Nxf8 33.Bc4 h3 
34.gxh3 Rh4 35.Qf7 Qc6+ 36.Rf3 1-0

[Event "7th EUR-ch"]
[Site "Kusadasi TUR"]
[Date "2006.04.10"]
[Round "7.34"]
[White "Petrosian, Tigran L."]
[Black "Mastrovasilis, Athanasios"]
[Result "1/2-1/2"]
[WhiteElo "2571"]
[BlackElo "2508"]
[EventDate "2006.04.04"]
[PlyCount "113"]

1.e4 e5 2.Nf3 Nc6 3.Bb5 Nf6 4.O-O Nxe4 5.Re1 Nd6 6.Nxe5 Be7 7.Bd3 Nxe5 8.
Rxe5 O-O 9.Nc3 c6 10.Qf3 Ne8 11.b3 d5 12.Bb2 Bd6 13.Rh5 g6 14.Nxd5 cxd5 
15.Rxh7 d4 16.Bxd4 Bxh2+ 17.Rxh2 Qxd4 18.Re1 Nf6 19.c3 Qd6 20.Bc4 Rb8 21.
Rh4 Bf5 22.Rd4 Qc6 23.Qxc6 bxc6 24.Rd6 Ne4 25.Rxc6 Rbc8 26.Rxc8 Rxc8 27.g4
Nxd2 28.gxf5 Nf3+ 29.Kf1 Nxe1 30.Kxe1 g5 31.Kd2 Kg7 32.Bd5 Kf6 33.Kd3 Kxf5
34.Kd4 Rh8 35.Bxf7 Rh2 36.f3 Rxa2 37.c4 Rd2+ 38.Kc3 Rf2 39.Bd5 Ke5 40.b4 
Rf1 41.Bc6 Rc1+ 42.Kd3 a5 43.bxa5 Ra1 44.Kc3 Rxa5 45.Kb4 Ra1 46.Kc5 Rc1 
47.Bd5 Rc3 48.Bc6 Rb3 49.Ba8 Rb8 50.Bd5 Rd8 51.Bb7 Rd7 52.Bc6 Rd8 53.Bb7 
Rd3 54.Bd5 Rc3 55.Bc6 Kf4 56.Bd5 Rxf3 57.Bxf3 1/2-1/2